Σχέδιο νέου αναλυτικού προγράμματος για το νηπιαγωγείο
Αποθηκεύτηκε σε:
| Άλλοι συγγραφείς: | |
|---|---|
| Μορφή: | Βιβλίο |
| Γλώσσα: | Greek |
| Δημοσίευση: |
Αθήνα :
Ο.Ε.Δ.Β.,
1987
|
| Θέματα: | |
| Ετικέτες: |
Προσθήκη ετικέτας
Δεν υπάρχουν, Καταχωρήστε ετικέτα πρώτοι!
|
MARC
| LEADER | 00000cam a2200000 i 4500 | ||
|---|---|---|---|
| 001 | 1/23289 | ||
| 008 | 960715s1987 gre d | ||
| 035 | |a 1988 |c Δωρεά |l 10036803 | ||
| 040 | |a GR-MY-UA |b gre |e aacr | ||
| 041 | 0 | |a gre | |
| 082 | 0 | |a 372.1909495 | |
| 245 | 0 | 0 | |a Σχέδιο νέου αναλυτικού προγράμματος για το νηπιαγωγείο / |c Γεωργία Βενιζέλου ... [κ.ά.] |
| 260 | |a Αθήνα : |b Ο.Ε.Δ.Β., |c 1987 | ||
| 300 | |a 44 σ. | ||
| 500 | |a Σημείωση άνω του τίτλου: Υπουργείο Εθνικής Παιδείας και Θρησκευμάτων. Παιδαγωγικό Ινστιτούτο | ||
| 650 | 0 | 0 | |a Education, Preschool |x Curricula |z Greece. |
| 650 | 0 | 0 | |a Kindergarten facilities |z Greece. |
| 700 | 1 | |a Βενιζέλου, Γεωργία. | |
| 852 | |a INST |b RHODES |e 19960715 |h 372.1909495 ΣΧΕ |p 005400002639 |q 005400002639 |t BK |y 0 | ||
| 852 | |a INST |b RHODES |e 19960715 |h 372.1909495 ΣΧΕ |p 005400002640 |q 005400002640 |t BK |y 0 | ||
| 852 | |a INST |b RHODES |e 19960715 |h 372.1909495 ΣΧΕ |p 005400002641 |q 005400002641 |t BK |y 0 | ||
| 852 | |a INST |b RHODES |e 19960715 |h 372.1909495 ΣΧΕ |p 005400002642 |q 005400002642 |t BK |y 12 | ||
| 852 | |a INST |b RHODES |e 19960715 |h 372.1909495 ΣΧΕ |p 005400002643 |q 005400002643 |t BK |y 0 | ||
| 852 | |a INST |b RHODES |e 19960715 |h 372.1909495 ΣΧΕ |p N10011802 |q N10011802 |t BK |y 12 | ||